[Event "45th Olympiad Budapest 2024"]
[Site "Budapest"]
[Date "2024.09.13"]
[Round "3"]
[Board "4"]
[White "Anoud, Eisa Bashkardi"]
[Black "Tamarozi, Isabelle"]
[Result "1-0"]
[WhiteElo "1810"]
[BlackElo "2059"]
[PlyCount "95"]
[EventDate "2024.09.11"]
[EventType "team-tourn"]
[EventRounds "11"]
[EventCountry "HUN"]
[WhiteTeam "United Arab Emirates"]
[BlackTeam "Brazil"]
[WhiteTeamCountry "UAE"]
[BlackTeamCountry "BRA"]

1. e4 {[%emt 0:03:57]} c5 {[%emt 0:00:23]} 2. Nf3 {[%emt 0:00:18]} g6 {[%emt 0:00:36]} 3. d4 {[%emt 0:01:00]} cxd4 {[%emt 0:00:15]} 4. Qxd4 {[%emt 0:00:16]} Nf6 {[%emt 0:00:21]} 5. Nc3 {[%emt 0:00:19]} Nc6 {[%emt 0:00:48]} 6. Qa4 {[%emt 0:00:21]} d6 {[%emt 0:00:34]} 7. e5 {[%emt 0:01:43]} dxe5 {[%emt 0:00:07]} 8. Nxe5 {[%emt 0:00:05]} Bd7 {[%emt 0:00:14]} 9. Nxd7 {[%emt 0:00:24]} Nxd7 {[%emt 0:00:10]} 10. Be3 {[%emt 0:05:10]} Bg7 {[%emt 0:01:41]} 11. Rd1 {[%emt 0:03:28]} ({RR} 11. Be2 Bxc3+ 12. bxc3 Qa5 13. Qb3 Nc5 14. Qc4 Na4 15. O-O Nxc3 16. Bf3 Ne5 17. Qf4 Nxf3+ 18. Qxf3 Qd5 19. Qg4 O-O 20. Bh6 Rfe8 21. Rfe1 Qc5 22. h4 Rad8 23. Be3 Qc7 24. Bf4 Rd4 25. Qxg6+ hxg6 {0-1 Adhiban,B (2541)-Duda,J (2732) World Blitz 2023 (10.21)}) 11... O-O {[%emt 0:06:37]} 12. Be2 {[%emt 0:22:57]} Qc8 {[%emt 0:15:08]} 13. h4 {[%emt 0:08:54]} ({RR} 13. O-O Nb6 14. Qa3 e6 15. Nb5 Nd5 16. Bc5 Rd8 17. c4 Nf4 18. Bf3 a6 19. Nd6 Qc7 20. Qe3 e5 21. Bb6 Qxd6 22. Rxd6 Rxd6 23. Bc5 Rd3 24. Qe1 Rad8 25. Bxc6 bxc6 26. Be3 Ne6 27. Qe2 f5 {1-0 Liu,K (1945)-Smieszek,W (2110) Titled Tue 14th May Late 2024 (3)}) 13... a6 $146 {[%emt 0:14:12]} ({RR} 13... Nb6 14. Qb5 Rd8 15. Rxd8+ Qxd8 16. h5 Nd4 17. Bxd4 Qxd4 18. hxg6 hxg6 19. Nd1 Rd8 20. Qg5 Rd5 21. Qe3 Qxe3 22. Nxe3 Ra5 23. b3 Bc3+ 24. Kf1 Rxa2 25. Bf3 Ra1+ 26. Nd1 Bf6 27. Ke2 Rc1 28. Kd2 {0-1 Vanishvili,M (1976)-Frolova,L (1784) Ural-ch (Women) 2022 (3)}) 14. h5 {[%emt 0:09:14]} b5 {[%emt 0:05:58]} 15. Qh4 {[%emt 0:00:39]} Nf6 {[%emt 0:02:52]} 16. g4 {[%emt 0:15:56]} Qe6 {[%emt 0:11:02]} 17. hxg6 {[%emt 0:03:14]} fxg6 {[%emt 0:01:54]} 18. g5 {[%emt 0:00:33]} Nh5 {[%emt 0:07:59]} 19. Bg4 {[%emt 0:03:12]} Bxc3+ {[%emt 0:10:30]} 20. bxc3 {[%emt 0:00:35]} Qxa2 {[%emt 0:03:49]} 21. Bxh5 {[%emt 0:04:45]} gxh5 {[%emt 0:00:36]} 22. Rd2 {[%emt 0:07:56]} Qa1+ {[%emt 0:04:09]} 23. Ke2 {[%emt 0:00:10]} Qxc3 {[%emt 0:00:17]} 24. Qxh5 {[%emt 0:00:11]} Qc4+ {[%emt 0:04:03]} 25. Ke1 {[%emt 0:00:57]} Qf7 {[%emt 0:03:31]} 26. g6 {[%emt 0:01:43]} Qxg6 {[%emt 0:00:17]} 27. Qd5+ {[%emt 0:00:08]} Kh8 {[%emt 0:00:32]} 28. Rh6 {[%emt 0:00:47]} Rad8 {[%emt 0:04:22]} 29. Qxc6 {[%emt 0:02:20]} Qg1+ {[%emt 0:00:07]} 30. Ke2 {[%emt 0:00:04]} Rxd2+ {[%emt 0:00:11]} 31. Kxd2 {[%emt 0:00:21]} Rd8+ {[%emt 0:00:15]} 32. Kc3 {[%emt 0:00:31]} Qe1+ {[%emt 0:01:44]} 33. Kb3 {[%emt 0:00:51]} Qb1+ {[%emt 0:01:00]} 34. Ka3 {[%emt 0:00:11]} b4+ {[%emt 0:00:49]} 35. Ka4 {[%emt 0:00:16]} Qb2 {[%emt 0:00:39]} 36. Qxa6 {[%emt 0:02:18]} Qa3+ {[%emt 0:00:28]} 37. Kb5 {[%emt 0:00:14]} Qc3 {[%emt 0:00:30]} 38. Qb6 {[%emt 0:01:15]} Rd5+ {[%emt 0:00:12]} 39. Bc5 {[%emt 0:00:17]} Qxc2 {[%emt 0:00:36]} 40. Qc6 {[%emt 0:01:01]} Qd3+ {[%emt 0:00:42]} 41. Kxb4 {[%emt 0:00:53]} Qb1+ {[%emt 0:13:36]} 42. Ka5 {[%emt 0:03:30]} Qb3 {[%emt 0:11:56]} 43. Rh4 {[%emt 0:04:14]} Rd8 {[%emt 0:03:54]} 44. Bd4+ {[%emt 0:02:13]} Kg8 {[%emt 0:00:12]} 45. Rg4+ {[%emt 0:00:05]} Kf8 {[%emt 0:00:36]} 46. Qh6+ {[%emt 0:00:33]} Ke8 {[%emt 0:01:01]} 47. Qh5+ {[%emt 0:00:16]} Qf7 {[%emt 0:00:51]} 48. Rg8+ {[%emt 0:00:46]} 1-0

[Event "45th Olympiad Budapest 2024"]
[Site "Budapest"]
[Date "2024.09.13"]
[Round "3"]
[Board "2"]
[White "Argote Heredia, Valentina"]
[Black "Badenhorst, Chloe"]
[Result "1/2-1/2"]
[WhiteElo "2144"]
[BlackElo "1981"]
[PlyCount "64"]
[EventDate "2024.09.11"]
[EventType "team-tourn"]
[EventRounds "11"]
[EventCountry "HUN"]
[WhiteTeam "Colombia"]
[BlackTeam "South Africa"]
[WhiteTeamCountry "COL"]
[BlackTeamCountry "RSA"]

1. e4 {[%emt 0:00:03]} c6 {[%emt 0:00:02]} 2. d4 {[%emt 0:00:06]} d5 {[%emt 0:00:04]} 3. e5 {[%emt 0:00:05]} c5 {[%emt 0:00:17]} 4. dxc5 {[%emt 0:00:08]} e6 {[%emt 0:00:23]} 5. a3 {[%emt 0:00:21]} Bxc5 {[%emt 0:00:59]} 6. b4 {[%emt 0:00:24]} Be7 {[%emt 0:00:15]} 7. Nf3 {[%emt 0:03:05]} Nd7 {[%emt 0:00:22]} 8. Bb2 {[%emt 0:02:19]} Nh6 {[%emt 0:00:43]} ({RR} 8... a5 9. b5 f6 10. c4 Nxe5 11. Nxe5 fxe5 12. cxd5 Qxd5 13. Nc3 Qxd1+ 14. Rxd1 a4 15. b6 Bd7 16. Nb5 Bxb5 17. Bxb5+ Kf7 18. Rd7 Nf6 19. Rxb7 Rab8 20. Rxb8 Rxb8 21. Bxe5 Rxb6 {½-½ Akopian,V (2614)-Vazquez,G (2532) North American op 31st 2021 (5)}) 9. Nbd2 {[%emt 0:04:35]} ({RR} 9. Bd3 O-O 10. O-O f6 11. c4 fxe5 12. Nxe5 Bf6 13. Qe2 Nf7 14. Nxd7 Bxd7 15. cxd5 exd5 16. Nc3 d4 17. Nd5 Bc6 18. Qe4 Ng5 19. Nxf6+ Qxf6 20. Qxd4 Qxd4 21. Bxd4 Rad8 22. Bc4+ Kh8 23. Bxa7 Rf4 {1-0 Rose,F (2091)-Lorenzo de la Riva,L (2422) Titled Tue 28th May Early 2024 (6)}) 9... f6 {[%emt 0:05:48]} 10. c4 $146 {[%emt 0:03:27]} ({RR} 10. Bd3 Nf7 11. exf6 Bxf6 12. Bxf6 Qxf6 13. O-O O-O 14. c4 Nde5 15. Be2 Rd8 16. cxd5 exd5 17. Nxe5 Nxe5 18. Nf3 Nc4 19. Qd4 Be6 20. Qxf6 gxf6 21. Nd4 Bf7 22. Rfe1 a5 23. b5 Nd6 24. Rac1 Rac8 {0-1 Sztokbant,B (2213)-Rozman,L (2322) Titled Tue 11th Apr Late 2023 (5)}) 10... O-O {[%emt 0:05:57]} 11. cxd5 {[%emt 0:15:48]} Nxe5 {[%emt 0:07:34]} 12. dxe6 {[%emt 0:13:26]} Bxe6 {[%emt 0:18:44]} 13. Nd4 {[%emt 0:00:07]} Bd5 {[%emt 0:06:08]} 14. N2f3 {[%emt 0:09:50]} Nxf3+ {[%emt 0:05:18]} 15. Nxf3 {[%emt 0:00:39]} Re8 {[%emt 0:01:56]} 16. Be2 {[%emt 0:01:33]} Bxf3 {[%emt 0:04:32]} 17. gxf3 {[%emt 0:03:19]} Qb6 {[%emt 0:04:17]} 18. Qd4 {[%emt 0:10:16]} Qe6 {[%emt 0:06:36]} 19. Qc4 {[%emt 0:09:59]} Bd6 {[%emt 0:08:06]} 20. O-O {[%emt 0:02:00]} Rac8 {[%emt 0:02:19]} 21. Qxe6+ {[%emt 0:00:05]} Rxe6 {[%emt 0:00:07]} 22. Bd3 {[%emt 0:00:04]} Re7 {[%emt 0:04:10]} 23. Rac1 {[%emt 0:04:46]} Rd8 {[%emt 0:01:45]} 24. Be4 {[%emt 0:04:56]} Nf7 {[%emt 0:02:16]} 25. Kg2 {[%emt 0:01:49]} Ng5 {[%emt 0:01:52]} 26. Bd5+ {[%emt 0:01:10]} Kf8 {[%emt 0:01:18]} 27. Rcd1 {[%emt 0:03:26]} Ne6 {[%emt 0:04:19]} 28. Bxe6 {[%emt 0:00:05]} Rxe6 {[%emt 0:00:02]} 29. Bd4 {[%emt 0:00:44]} b6 {[%emt 0:00:58]} 30. Be3 {[%emt 0:00:04]} Ke7 {[%emt 0:01:22]} 31. Rc1 {[%emt 0:01:35]} Rd7 {[%emt 0:01:47]} 32. Rc4 {[%emt 0:00:26]} Rc7 {[%emt 0:01:11]} 1/2-1/2

[Event "45th Olympiad Budapest 2024"]
[Site "Budapest"]
[Date "2024.09.13"]
[Round "3"]
[Board "3"]
[White "Baginskaite, Kamile"]
[Black "Lesbekova, Assel"]
[Result "0-1"]
[WhiteElo "2103"]
[BlackElo "1903"]
[PlyCount "78"]
[EventDate "2024.09.11"]
[EventType "team-tourn"]
[EventRounds "11"]
[EventCountry "HUN"]
[WhiteTeam "Lithuania"]
[BlackTeam "Kyrgyzstan"]
[WhiteTeamCountry "LTU"]
[BlackTeamCountry "KGZ"]

1. d4 d5 {[%emt 0:00:18]} 2. c4 {[%emt 0:00:13]} e6 {[%emt 0:00:06]} 3. Nc3 {[%emt 0:02:38]} a6 {[%emt 0:00:30]} 4. cxd5 {[%emt 0:01:22]} exd5 {[%emt 0:00:07]} 5. Bf4 {[%emt 0:00:14]} c6 {[%emt 0:00:27]} 6. e3 {[%emt 0:04:21]} Bd6 {[%emt 0:00:09]} 7. Bxd6 {[%emt 0:07:16]} Qxd6 {[%emt 0:00:07]} 8. Bd3 {[%emt 0:00:03]} Ne7 {[%emt 0:00:36]} 9. Qc2 {[%emt 0:19:47]} ({RR} 9. Nf3 Bf5 10. Qb3 b5 11. Bxf5 Nxf5 12. a4 b4 13. Ne2 a5 14. O-O Nd7 15. Nf4 O-O 16. Rfc1 Rac8 17. Rc2 Rc7 18. Rac1 Rfc8 19. Qd3 g6 20. Qa6 g5 21. Nd3 b3 22. Rc3 c5 23. Qxd6 Nxd6 {½-½ Grischuk,A (2754)-Carlsen,M (2857) chess.com sf blitz 3m+2spm 2016 (15)}) 9... Bg4 {[%emt 0:06:56]} ({RR} 9... Qf6 10. Rc1 h6 11. Nge2 O-O 12. Ng3 Re8 13. O-O Nd7 14. Na4 Qd6 15. a3 Nf6 16. Qc5 Qxc5 17. Nxc5 Rb8 18. b4 h5 19. h4 b6 20. Nb3 Bd7 21. Rfe1 g6 22. Nd2 Ra8 23. Nf3 Ng4 24. Nf1 {½-½ Choroszej,A (1962)-Kowalski,W (1925) 286th YMCA Spring A 2024 (10)}) 10. Nge2 {[%emt 0:04:13]} Bh5 {[%emt 0:00:12]} 11. Nf4 $146 {[%emt 0:06:55]} ({RR} 11. f3 Nd7 12. O-O Bg6 13. e4 dxe4 14. fxe4 O-O 15. e5 Nxe5 16. Bxg6 N5xg6 17. Ne4 Qb4 18. Nc5 Rad8 19. Rad1 Nd5 20. Rf3 Rde8 21. Nd7 Ne3 22. Qd2 Qe7 23. Nxf8 Nxd1 24. Qxd1 Nxf8 25. Nc3 Ng6 {1-0 Sarana,A (2685)-Kevlishvili,R (2541) Titled Tue 11th Apr Late 2023 (7)}) ({RR} 11. f3 Bg6 12. e4 Nd7 13. O-O O-O 14. e5 Bxd3 15. Qxd3 Qg6 16. Rad1 Rfe8 17. f4 Qxd3 18. Rxd3 Nc8 19. f5 Ncb6 20. Nf4 Nxe5 21. dxe5 Rxe5 22. g4 Rd8 23. b3 d4 24. Kf2 c5 25. Kf3 Rde8 {0-1 Malescusi,L (1909)-Calandra,M (1711) Milan SSM op 08 2013 (7)}) ({RR} 11. O-O Bg6 12. Nf4 Nd7 13. Na4 O-O 14. Rfc1 Rab8 15. Rab1 Nc8 16. Nc5 Nf6 17. b4 Bxd3 18. Qxd3 Qe7 19. Qf5 Nd6 20. Qe5 Qd8 21. Nh5 Nfe8 22. a4 g6 23. Ng3 Ng7 24. e4 Re8 25. Qf4 dxe4 {0-1 Vernersson,P (2278)-Westerberg,J (2500) SWE-chT 1718 Elite 2017 (3.5)}) 11... Bg6 {[%emt 0:00:11]} 12. Nxg6 {[%emt 0:00:04]} hxg6 {[%emt 0:00:23]} 13. Qb3 {[%emt 0:01:18]} b5 {[%emt 0:06:51]} 14. h3 {[%emt 0:04:11]} Nd7 {[%emt 0:02:28]} 15. Be2 {[%emt 0:07:44]} a5 {[%emt 0:04:16]} 16. a4 {[%emt 0:01:14]} b4 {[%emt 0:01:04]} 17. Nb1 {[%emt 0:13:02]} O-O {[%emt 0:06:05]} 18. Nd2 {[%emt 0:01:16]} c5 {[%emt 0:00:17]} 19. dxc5 {[%emt 0:02:44]} Nxc5 {[%emt 0:00:07]} 20. Qd1 {[%emt 0:01:01]} Qf6 {[%emt 0:01:48]} 21. Qc2 {[%emt 0:08:33]} Rac8 {[%emt 0:02:25]} 22. Nf3 {[%emt 0:01:27]} Ne4 {[%emt 0:13:34]} 23. Qb3 {[%emt 0:00:29]} Rc7 {[%emt 0:00:17]} 24. O-O {[%emt 0:00:33]} Rfc8 {[%emt 0:00:08]} 25. Rad1 {[%emt 0:06:15]} Rc2 {[%emt 0:07:41]} 26. Nd4 {[%emt 0:00:02]} Nd2 {[%emt 0:00:18]} 27. Qd3 {[%emt 0:01:07]} Nxf1 {[%emt 0:00:29]} 28. Nxc2 {[%emt 0:00:28]} Qxb2 {[%emt 0:01:33]} 29. Nd4 {[%emt 0:00:23]} Rc3 {[%emt 0:04:05]} 30. Qb5 {[%emt 0:00:05]} Nxe3 {[%emt 0:01:27]} 31. Qe8+ {[%emt 0:02:51]} Kh7 {[%emt 0:00:07]} 32. fxe3 {[%emt 0:03:04]} Nf5 {[%emt 0:05:52]} 33. Bf3 {[%emt 0:00:48]} Nxe3 {[%emt 0:03:24]} 34. Re1 {[%emt 0:00:42]} Qd2 {[%emt 0:02:16]} 35. Nc2 {[%emt 0:00:38]} Nxc2 {[%emt 0:03:59]} 36. Re5 {[%emt 0:01:00]} Re3 {[%emt 0:02:20]} 37. Rxe3 {[%emt 0:00:48]} Qxe3+ {[%emt 0:00:06]} 38. Qxe3 {[%emt 0:00:03]} Nxe3 {[%emt 0:00:05]} 39. Kf2 {[%emt 0:00:02]} b3 {[%emt 0:00:43]} 0-1

[Event "45th Olympiad Budapest 2024"]
[Site "Budapest"]
[Date "2024.09.13"]
[Round "3"]
[Board "1"]
[White "Granados Ortiz, Maria Jose"]
[Black "Ryjanova, Julia"]
[Result "0-1"]
[WhiteElo "1935"]
[BlackElo "2255"]
[PlyCount "84"]
[EventDate "2024.09.11"]
[EventType "team-tourn"]
[EventRounds "11"]
[EventCountry "HUN"]
[WhiteTeam "Nicaragua"]
[BlackTeam "Australia"]
[WhiteTeamCountry "NCA"]
[BlackTeamCountry "AUS"]

1. e4 {[%emt 0:00:03]} c5 {[%emt 0:00:10]} 2. Nf3 {[%emt 0:00:07]} Nc6 {[%emt 0:00:11]} 3. d4 {[%emt 0:00:24]} cxd4 {[%emt 0:00:09]} 4. Nxd4 {[%emt 0:00:10]} Qb6 {[%emt 0:00:20]} 5. Nxc6 {[%emt 0:01:28]} bxc6 {[%emt 0:00:21]} 6. Nc3 {[%emt 0:04:45]} g6 {[%emt 0:14:22]} 7. Bc4 {[%emt 0:21:26]} d6 {[%emt 0:08:44]} 8. O-O {[%emt 0:12:08]} Nf6 {[%emt 0:07:48]} 9. Qe2 {[%emt 0:06:08]} Ng4 {[%emt 0:05:47]} ({RR} 9... Bg4 10. Qd3 Bg7 11. Kh1 O-O 12. Be3 Qxb2 13. Rab1 Qa3 14. Nd5 Qxd3 15. Nxe7+ Kh8 16. cxd3 Bd7 17. Bf4 Rfe8 18. Bxd6 Bf8 19. Bxf7 Bxe7 20. Bxe8 Bxd6 21. Bxd7 Nxd7 22. d4 Nb6 23. Rbc1 Rc8 24. g3 {0-1 Leyva Proenza,R (2333)-Gabrielian,A (2442) Titled Tue 23rd Jan Early 2024 (7)}) 10. Re1 $146 {[%emt 0:16:15]} ({RR} 10. Bb3 Bg7 11. h3 Ne5 12. Be3 Qa5 13. f4 Ba6 14. Qf2 Nc4 15. Bd4 Bxd4 16. Qxd4 Qb6 17. Qxb6 axb6 18. Bxc4 Bxc4 19. Rfd1 O-O 20. g4 h6 21. b3 Ba6 22. Re1 Rfd8 23. Kf2 Kg7 24. a4 Bb7 {½-½ Vasiukov,E-Mititelu,G Bucharest Int 08th 1967 (4)}) ({RR} 10. b3 Bg7 11. Bb2 Qa5 12. Qe1 g5 13. Na4 Qxe1 14. Raxe1 Bxb2 15. Nxb2 Ne5 16. Be2 a5 17. f3 Rf8 18. Nd3 Nxd3 19. Bxd3 e5 20. Kf2 Ke7 {½-½ Salgado Lopez,I (2624)-Demchenko,A (2679) Bundesliga 1819 2018 (2.4)}) ({RR} 10. h3 Ne5 11. Be3 Qa5 12. f4 Nxc4 13. Qxc4 Qa6 14. Qd4 Rg8 15. e5 Bg7 16. Rad1 Be6 17. Qb4 dxe5 18. Ne4 Qb5 19. Qe1 exf4 20. Bxf4 Bxb2 21. c3 Ba3 22. Qh4 h5 23. Rfe1 Rd8 24. Bc7 Rxd1 {0-1 Hennings,A-Vasiukov,E Bucharest Int 08th 1967 (9)}) ({RR} 10. h3 Ne5 11. Be3 Qc7 12. Bb3 Bg7 13. f4 Nd7 14. Qc4 O-O 15. Nd5 Qd8 16. Qxc6 Rb8 17. Bxa7 Bb7 18. Qb5 Bxd5 19. Qxd5 Ra8 20. Bd4 Nb6 21. Bxb6 Qxb6+ 22. Kh1 Bxb2 23. Rab1 Ra5 24. Qd2 {1-0 Mestrovic,Z (2385)-Radulov,I (2510) Albena-07 1975 (9)}) 10... Bg7 {[%emt 0:02:28]} 11. Nd1 {[%emt 0:08:52]} O-O {[%emt 0:02:47]} 12. h3 {[%emt 0:02:19]} Ne5 {[%emt 0:02:42]} 13. Be3 {[%emt 0:02:45]} Qb4 {[%emt 0:02:23]} 14. Bd3 {[%emt 0:05:22]} Nxd3 {[%emt 0:09:39]} 15. cxd3 {[%emt 0:00:04]} Ba6 {[%emt 0:00:13]} 16. Rc1 {[%emt 0:05:03]} Bxd3 {[%emt 0:02:09]} 17. Qd2 {[%emt 0:05:34]} Qxd2 {[%emt 0:03:03]} 18. Bxd2 {[%emt 0:00:05]} Rfc8 {[%emt 0:00:27]} 19. Nc3 {[%emt 0:02:33]} Rab8 {[%emt 0:04:15]} 20. b3 {[%emt 0:00:49]} h6 {[%emt 0:02:02]} 21. Be3 {[%emt 0:01:48]} c5 {[%emt 0:05:34]} 22. Nd5 {[%emt 0:00:53]} Rb7 {[%emt 0:02:57]} 23. f3 {[%emt 0:00:35]} g5 {[%emt 0:01:59]} 24. Red1 {[%emt 0:00:59]} Bb5 {[%emt 0:03:34]} 25. Bf2 {[%emt 0:00:30]} Be5 {[%emt 0:01:03]} 26. Ne3 {[%emt 0:01:02]} Bd7 {[%emt 0:02:02]} 27. Nc4 {[%emt 0:00:32]} Bg7 {[%emt 0:03:40]} 28. Ne3 {[%emt 0:00:42]} Be6 {[%emt 0:00:37]} 29. Nd5 {[%emt 0:00:34]} Be5 {[%emt 0:01:37]} 30. Be1 {[%emt 0:00:49]} f5 {[%emt 0:06:22]} 31. exf5 {[%emt 0:00:34]} Bxf5 {[%emt 0:00:07]} 32. Ne3 {[%emt 0:00:08]} Be6 {[%emt 0:00:46]} 33. Bc3 {[%emt 0:00:13]} Bxc3 {[%emt 0:02:52]} 34. Rxc3 {[%emt 0:00:02]} Kf7 {[%emt 0:00:15]} 35. Kf2 {[%emt 0:00:26]} Rb4 {[%emt 0:00:50]} 36. Nc2 {[%emt 0:01:00]} Rb7 {[%emt 0:01:09]} 37. Ne3 {[%emt 0:00:34]} a5 {[%emt 0:00:20]} 38. Kg3 {[%emt 0:00:30]} a4 {[%emt 0:00:45]} 39. bxa4 {[%emt 0:00:18]} Ra8 {[%emt 0:00:20]} 40. Nc4 {[%emt 0:01:25]} Rxa4 {[%emt 0:01:07]} 41. Ne3 {[%emt 0:00:35]} Rxa2 {[%emt 0:01:29]} 42. h4 {[%emt 0:00:38]} Re2 {[%emt 0:07:13]} 0-1

[Event "45th Olympiad Budapest 2024"]
[Site "Budapest"]
[Date "2024.09.13"]
[Round "3"]
[Board "2"]
[White "Nguyen, Thu Giang"]
[Black "Cabezas Calero, Abigail Carolina"]
[Result "1-0"]
[WhiteElo "2068"]
[BlackElo "1824"]
[PlyCount "89"]
[EventDate "2024.09.11"]
[EventType "team-tourn"]
[EventRounds "11"]
[EventCountry "HUN"]
[WhiteTeam "Australia"]
[BlackTeam "Nicaragua"]
[WhiteTeamCountry "AUS"]
[BlackTeamCountry "NCA"]

1. e4 {[%emt 0:00:04]} e6 {[%emt 0:00:08]} 2. d4 {[%emt 0:00:09]} d5 {[%emt 0:00:05]} 3. Nd2 {[%emt 0:00:30]} c5 {[%emt 0:00:14]} 4. exd5 {[%emt 0:00:27]} Qxd5 {[%emt 0:00:26]} 5. Ngf3 {[%emt 0:00:51]} Nc6 {[%emt 0:01:48]} 6. Bc4 {[%emt 0:04:35]} Qd8 {[%emt 0:02:05]} 7. Nb3 {[%emt 0:03:42]} cxd4 {[%emt 0:02:49]} 8. O-O {[%emt 0:01:58]} Nf6 {[%emt 0:04:10]} 9. Nbxd4 {[%emt 0:01:05]} Bd7 {[%emt 0:05:07]} 10. Nb5 {[%emt 0:12:49]} Na5 {[%emt 0:10:50]} ({RR} 10... a6 11. Nd6+ Bxd6 12. Qxd6 Qe7 13. Bf4 Qxd6 14. Bxd6 O-O-O 15. Rfd1 h6 16. c3 Na5 17. Bf1 Nd5 18. c4 Ba4 19. cxd5 Rxd6 20. b3 Bb5 21. Rac1+ Kb8 22. b4 Bxf1 23. Kxf1 exd5 24. bxa5 Re8 25. Nd4 {1-0 Remizov,Y (2389)-Shkuran,D (2324) Titled Tue 25th Oct Early 2022 (1)}) 11. Be2 {[%emt 0:06:20]} ({RR} 11. Bf4 Nxc4 12. Nc7+ Ke7 13. Nxa8 Qxa8 14. b3 Nd5 15. Bg5+ f6 16. bxc4 Nb6 17. Be3 Nxc4 18. Qd3 Qc8 19. Rfd1 a6 20. Rab1 Bb5 21. Qb3 Kf7 22. a4 Na5 23. Qb2 Nc4 24. Qa2 Nxe3 25. fxe3 Bc6 {0-1 Yu,A (1674)-Alves Campelo,D (2011) Titled Tue 2nd Jan Late 2024 (5)}) 11... Nd5 $146 {[%emt 0:05:40]} ({RR} 11... a6 12. Nd6+ Bxd6 13. Qxd6 Rc8 14. Bd2 Nc4 15. Bxc4 Rxc4 16. Ne1 Qe7 17. Qb8+ {½-½ Slezak,R (2167)-Biro,A (2298) HUN-chT2 Erkel 0708 2007 (11)}) ({RR} 11... a6 12. Nd6+ Bxd6 13. Qxd6 Rc8 14. Nd4 Bc6 15. Qxd8+ Rxd8 16. Nxc6 Nxc6 17. Bg5 h6 18. Bxf6 gxf6 19. Rad1 Ke7 20. c3 Rhg8 21. Rxd8 Kxd8 22. Rd1+ Kc7 23. g3 Rg5 24. Kf1 Ne7 25. Rd4 e5 26. Rh4 {1-0 Horta,C-Stenzel,E BRA-ch Campinas 1962 (4)}) ({RR} 11... Be7 12. Nd6+ Bxd6 13. Qxd6 Rc8 14. c3 Qe7 15. Qxe7+ Kxe7 16. Bg5 h6 17. Bh4 g5 18. Bg3 Nh5 {½-½ Murray,J (1814)-Kershaw,G Guernsey op 41st 2015 (6)}) 12. c4 {[%emt 0:10:48]} Bxb5 {[%emt 0:13:56]} 13. cxd5 {[%emt 0:01:00]} Bxe2 {[%emt 0:04:55]} 14. Qxe2 {[%emt 0:00:11]} Qxd5 {[%emt 0:01:54]} 15. Rd1 {[%emt 0:01:10]} Qc4 {[%emt 0:16:21]} 16. Qd2 {[%emt 0:07:22]} Qc7 {[%emt 0:03:33]} 17. Qg5 {[%emt 0:10:34]} Nc6 {[%emt 0:03:58]} 18. Bf4 {[%emt 0:08:12]} Qe7 {[%emt 0:03:02]} 19. Qg3 {[%emt 0:06:47]} f6 {[%emt 0:04:10]} 20. Bd6 {[%emt 0:03:43]} Qf7 {[%emt 0:00:24]} 21. Re1 {[%emt 0:07:19]} Bxd6 {[%emt 0:02:15]} 22. Qxd6 {[%emt 0:00:15]} e5 {[%emt 0:02:56]} 23. Rad1 {[%emt 0:05:05]} Qe7 {[%emt 0:02:09]} 24. Qd5 {[%emt 0:00:54]} Rd8 {[%emt 0:01:11]} 25. Qb3 {[%emt 0:00:48]} Rxd1 {[%emt 0:00:56]} 26. Rxd1 {[%emt 0:00:06]} Rf8 {[%emt 0:01:04]} 27. h3 {[%emt 0:01:42]} Rf7 {[%emt 0:00:30]} 28. a3 {[%emt 0:01:36]} Kf8 {[%emt 0:00:43]} 29. Qd5 {[%emt 0:00:27]} Ke8 {[%emt 0:01:42]} 30. Qc4 {[%emt 0:00:30]} Nd8 {[%emt 0:00:41]} 31. Qa4+ {[%emt 0:01:13]} Nc6 {[%emt 0:00:38]} 32. Qc4 {[%emt 0:00:05]} Kf8 {[%emt 0:01:05]} 33. b4 {[%emt 0:00:16]} a6 {[%emt 0:01:47]} 34. Rd5 {[%emt 0:00:46]} g6 {[%emt 0:00:44]} 35. Nd2 {[%emt 0:00:34]} Kg7 {[%emt 0:00:40]} 36. Nb3 {[%emt 0:01:19]} Rf8 {[%emt 0:01:12]} 37. Nc5 {[%emt 0:02:10]} Kh8 {[%emt 0:01:37]} 38. Rd7 {[%emt 0:00:36]} Qe8 {[%emt 0:01:06]} 39. Rxb7 {[%emt 0:00:05]} Qc8 {[%emt 0:00:45]} 40. Qh4 {[%emt 0:00:27]} h5 {[%emt 0:00:29]} 41. Qe4 {[%emt 0:05:05]} f5 {[%emt 0:05:30]} 42. Qe3 {[%emt 0:01:05]} f4 {[%emt 0:01:29]} 43. Qd3 {[%emt 0:01:42]} Rf6 {[%emt 0:05:07]} 44. Qxa6 {[%emt 0:01:30]} Qe8 {[%emt 0:03:05]} 45. b5 {[%emt 0:01:22]} 1-0